Normal view
MARC view
- Montaldo Giuliano
Entry Personal Name
001 - CONTROL NUMBER
- control field: 44867
003 - CONTROL NUMBER IDENTIFIER
- control field: IT-RoPau
005 - DATE AND TIME OF LATEST TRANSACTION
- control field: 20151129155825.0
008 - FIXED-LENGTH DATA ELEMENTS
- fixed length control field: 151129|| aca||aabn | a|a d
040 ## - CATALOGING SOURCE
- Original cataloging agency: IT-RoPau
- Transcribing agency: IT-RoPau
100 ## - HEADING--PERSONAL NAME
- Personal name: Montaldo Giuliano
- Relator term: (regista)
- Miscellaneous information: Codice regista SPICS: 1606
670 ## - SOURCE DATA FOUND
- Source citation: Work cat.: (IT-RoPau)106056: Montaldo Giuliano Codice regista SPICS: 1606 44863, GIORDANO BRUNO GIORDANO BRUNO (Rif. Codice opera principale : V0871)